MARC

LEADER 00000nab a2200000 a 4500
001 vtls001030233
003 SK-MaSNL
005 20260303035644.0
008 040720e20020307xo 0 slo
035 |a SL8787 
040 |a SLLK  |b slo  |c SLLK  |e AACR2 
041 0 |a slo 
044 |a xo  |c SK 
080 |a 379.8  |2 1981 
100 0 |a (hm)  |4 aut  |9 840336 
245 1 0 |a Beh s kočíkom 
610 2 7 |a Centrum voľného času (Stará Ľubovňa, Slovensko)  |2 SLLK  |9 59256 
611 1 7 |a Miss Bábika (Stará Ľubovňa, Slovensko)  |2 SLLK  |9 1022720 
650 0 7 |a súťaže okresné  |2 SLLK  |9 880551 
650 0 7 |a výsledky  |2 SLLK  |9 493505 
651 7 |a Stará Ľubovňa (Slovensko)  |2 SLLK  |9 19193 
651 7 |a SL,  |2 SLLK  |9 1022390 
655 7 |a periodikum  |2 snkbucl  |9 29553 
710 2 |a Centrum voľného času (Stará Ľubovňa, Slovensko)  |4 aut  |9 59256 
773 0 8 |t Ľubovnianske noviny  |g Roč. 28, č.10, 7.3.2002, s. 1 
852 |a ZVYKNI  |b KIS3GCP 
999 |c 1678339  |d 1680269